[Event "Skopje op-B"]
[Site "Skopje"]
[Date "2024.12.14"]
[Round "4"]
[White "Riskin, Grigory"]
[Black "Banovi, Alit"]
[Result "0-1"]
[WhiteElo "1678"]
[BlackElo "1812"]
[PlyCount "80"]
[EventDate "2024.12.11"]
[EventType "swiss"]
[EventRounds "9"]
[EventCountry "MKD"]
[SourceTitle "CB52_2024"]
[SourceDate "2024.12.25"]
[SourceVersion "1"]
[SourceVersionDate "2024.12.25"]
[SourceQuality "1"]

1. e4 e6 2. d4 d5 3. Nc3 c6 4. e5 a6 5. f4 g6 6. Nf3 c5 7. Be3 c4 8. g4 Nc6 9. f5 exf5 10. gxf5 Bxf5 11. Bg2 Nb4 12. Rc1 Be7 13. 0-0 Be6 14. Qd2 h6 15. Ne2 g5 16. a3 Nc6 17. Ng3 Qd7 18. Qf2 0-0-0 19. c3 Kb8 20. Nd2 f6 21. Nxc4 dxc4 22. d5 Nxe5 23. dxe6 Qxe6 24. h3 Qc8 25. Nf5 Bf8 26. Ba7+ Ka8 27. Qb6 Nc6 28. Bxc6 bxc6 29. Rcd1 Re8 30. Rfe1 Rxe1+ 31. Rxe1 Rh7 32. Rd1 Rxa7 33. Rd8 Bc5+ 34. Nd4 Bxb6 35. Rxc8+ Kb7 36. Rxg8 Bxd4+ 37. cxd4 Kb6 38. Rf8 Rd7 39. Rxf6 h5 40. Rf5 Rxd4 0-1